00000000cam 2200000zi 4500
0019.962410
003CaOODSP
00520260512112102
006m     o  d f      
007cr mn|||||||||
008260128e20240624onc     ob   f000 0 fre d
020 |a9780660997759
040 |aCaOODSP|bfre|erda|cCaOODSP
043 |an-cn---
0861 |aIN4-83/2026F-PDF
24500|aAudit du processus d'approbation.
264 1|aOttawa, ON : |bBureau du surintendant des institutions financières Canada = Office of the Superintendent of Financial Institutions Canada, |c30 juin 2024.
264 4|c©2024
300 |a1 ressource en ligne (17 pages non numérotées)
336 |atexte|btxt|2rdacontent/fre
337 |ainformatique|bc|2rdamedia/fre
338 |aressource en ligne|bcr|2rdacarrier/fre
500 |aPublié aussi en anglais sous le titre : Audit of regulatory approvals.
500 |a« Non classifié. »
504 |aComprend des références bibliographiques.
650 6|aInstitutions financières|xDroit|zCanada.
650 6|aInstitutions financières|xGestion du risque|zCanada|xAudit.
7102 |aBureau du surintendant des institutions financières Canada, |eorganisme de publication.
77508|tAudit of regulatory approvals.|w(CaOODSP)9.962408
85640|qPDF|s488 Ko|uhttps://publications.gc.ca/collections/collection_2026/bsif-osfi/IN4-83-2026-fra.pdf
8564 |qHTML|sS.O.|uhttps://www.osfi-bsif.gc.ca/fr/propos-du-bsif/rapports-publications/audit-du-processus-dapprobation